Adaptácia metodiky marketingu v súvislosti s nástupom globálnych médií
Dopad internetu a elektronického podnikania na trh a marketingové prostredie. Elektronické podnikanie ako nevyhnutná súčasť firemnej stratégie. Budovanie marketingového informačného systému pomocou internetu - zber marketingových informácií firmou, informačný tok smerom k zákazníkom. Špecifické char...
Na minha lista:
| Autor principal: | |
|---|---|
| Formato: | Capítulo de Livro |
| Idioma: | eslovaco |
| Assuntos: | |
| Tags: |
Sem tags, seja o primeiro a adicionar uma tag!
|
MARC
| LEADER | 00000naa$a2200000$$$4500 | ||
|---|---|---|---|
| 001 | 0019053 | ||
| 005 | 20221104075638.7 | ||
| 041 | 0 | |a slo | |
| 044 | |a SK | ||
| 245 | 1 | 0 | |a Adaptácia metodiky marketingu v súvislosti s nástupom globálnych médií |c Eduard Urban |
| 520 | |a Dopad internetu a elektronického podnikania na trh a marketingové prostredie. Elektronické podnikanie ako nevyhnutná súčasť firemnej stratégie. Budovanie marketingového informačného systému pomocou internetu - zber marketingových informácií firmou, informačný tok smerom k zákazníkom. Špecifické charakteristiky on-line marketingu - individuálny marketing, interaktivita. Zmena jednosmernej komunikácie na obojsmernú. | ||
| 610 | 2 | 0 | |a marketing |
| 610 | 2 | 0 | |a internet |
| 610 | 2 | 0 | |a podnikanie |
| 610 | 2 | 0 | |a elektronizácia |
| 610 | 2 | 0 | |a systémy informačné podnikové |
| 610 | 2 | 0 | |a marketing interaktívny |
| 100 | 1 | |a Urban, Eduard | |